| 000 | 01036cam a2200217 4500 | ||
|---|---|---|---|
| 001 | WB@3612-520 | ||
| 008 | 041124n2004 000 0 eng u | ||
| 035 | _a(Sirsi) u128097 | ||
| 245 | _aScottish home ownership on the increase | ||
| 260 | _c2004 | ||
| 490 |
_aBank of Scotland Press Release _v19 November 2004 (6) |
||
| 520 | _aScotland has one of the lowest levels of owner occupation in the UK (64%), but has seen the fastest growth in home ownership in the past ten years (12%) - three times the average UK growth. The right to buy scheme has been a key factor behind the increase in Scottish home ownership. The highest level of owner occupation in Scotland is in East Renfrewshire, where 83% of all householders are homeowners - well above the UK average of 70%. http://www.hbosplc.com/economy/ResearchReleases.as p | ||
| 590 | _aWB | ||
| 590 | _aWB | ||
| 650 | _aOWNER-OCCUPATION | ||
| 650 | _aHOME OWNERSHIP | ||
| 650 | _aHOUSING-MARKET | ||
| 650 | _aSCOTLAND | ||
| 690 | _aHOUSING-OWNER OCCUPIED | ||
| 942 | _n0 | ||
| 999 |
_c118362 _d118362 |
||